Παραμύθι της κατοχής : διηγήματα
Αποθηκεύτηκε σε:
| Κύριος συγγραφέας: | |
|---|---|
| Μορφή: | Βιβλίο |
| Γλώσσα: | Greek |
| Δημοσίευση: |
Αθήνα :
Αλκαίος,
c1974
|
| Έκδοση: | 2η έκδ. |
| Θέματα: | |
| Ετικέτες: |
Προσθήκη ετικέτας
Δεν υπάρχουν, Καταχωρήστε ετικέτα πρώτοι!
|
MARC
| LEADER | 00000cam a2200000 i 4500 | ||
|---|---|---|---|
| 001 | 1/4211 | ||
| 008 | 100204s1974 gre d | ||
| 035 | |l 10106655 | ||
| 040 | |a GR-MY-UA |b gre |e aacr | ||
| 041 | 0 | |a gre | |
| 082 | 0 | |a 889.3 |2 (22) | |
| 100 | 1 | |a Τροπαιάτης, Άλκης Κ. |d (1909- ) | |
| 245 | 1 | 0 | |a Παραμύθι της κατοχής : |b διηγήματα / |c Άλκη Τροπαιάτη ; ξυλογραφίες Αλέκου Κορογιαννάκη |
| 250 | |a 2η έκδ. | ||
| 260 | |a Αθήνα : |b Αλκαίος, |c c1974 | ||
| 300 | |a 62 σ.; |c 22 εκ. | ||
| 650 | 0 | 0 | |a Historical fiction, Greek (Modern) |
| 650 | 0 | 0 | |a Greek fiction, Modern. |
| 651 | 0 | |a Greece |x History |y Occupation, 1941-1944 |x Fiction. | |
| 852 | |a INST |b SAMOS |e 20100204 |h 889.3 ΤΡΟ |p 005300030693 |q 005300030693 |t BK |y 0 | ||
| 901 | |a BIBL3-2010-1 | ||
| 909 | |a Σ |b 161756 | ||
| 970 | |a ΡΟΥΣΣΟΥ |b ΚΩΝΣΤΑΝΤΙΝΑ |z 2010/02/04 | ||